000 00880nam2a22002411 4500
001 rc\3904742
005 20250610124717.0
035 _a(NLR Aleph) 007907556
090 _a8076967
_c8076967
100 _a20130415d1956 |||y0rusy50 ca
101 0 _arus
102 _aRU
105 _ay z |||||
200 1 _aИскусственное осеменение овец
210 _aГорно-Алтайск
_cКн. изд-во
_d1956
461 0 _1001rc\3904740
_12001#$aБиблиотечка чабана$eВып. 1-14$vВып. 2
_98076956
_cГорно-Алтайск
_d1956
_nКн. изд-во
_oВып. 1-14
_p10 бр. в обл.-папке
_tБиблиотечка чабана
_vВып. 2
700 1 _aРодионов
_bВ.Г.
801 0 _aRU
_bNLR
_gpsbo
801 1 _aRU
_bELAR
_2rusmarc
852 _aNLR
_j57-4/9826
852 _aNLR
_jС90 Г-4/3996
942 _cBOOK
980 _aNB